000 00827nas a2200289 4500
001 BR2010002133
003 BR-BrBNA
005 20231205114201.0
007 ta
008 230509b bl.|||p| |||| 00| 00por d
040 _aBR-BrBNA
_bpor
_cBiblioteca Nacional de Agricultura
041 _a(Pt)
072 _aE16; E70; E71
100 1 _aNeri, C.B. de S.
100 1 _aBeduschi, G.
245 1 _aLeite; retrospectiva e perspectivas para o mercado
650 _aLEITE
650 _aMERCADO INTERNACIONAL
650 _aMERCADO NACIONAL
650 _aBALANÇO COMERCIAL
650 _aPREÇO
650 _aIMPORTAÇÃO
650 _aEXPORTAÇÃO
773 0 _tAgroanalysis (Brazil)
_xISSN 0100-4298
_g(Mar 2010), v. 30(3) p. 24-26
_wBR2010002133
909 _a202311
_bLúcia
_c55
_dLúcia Elande
942 _2AGRIS
_n0
_cANA
999 _c207477
_d207477